Name TF2 maps from pictures - Statistics

General Stats
  • This quiz has been taken 171 times
  • The average score is 7 of 16
Answer Stats
Picture Answer % Correct
2Fort
94%
Turbine
86%
Badwater
76%
Kong King
51%
Steel
50%
Hydro
49%
Lakeside
44%
Process
36%
Granary
34%
Enclosure
31%
Mossrock
31%
Foundry
29%
Watergate
29%
Pipeline
27%
Gullywash
26%
Freight
23%
No matching quizzes found
Score Distribution
Percent of People with Each Score
Percentile by Number Answered
Your Score History
You have not taken this quiz